Fr. Conceicao Rodrigues College of Engineering

Discrete structures (Record no. 26033)

MARC details
000 -LEADER
fixed length control field 00297nam a2200145Ia 4500
082 ## - DEWEY DECIMAL CLASSIFICATION NUMBER
Classification number 510
Item number HEI
100 ## - MAIN ENTRY--PERSONAL NAME
Personal name Hein/James L
245 ## - TITLE STATEMENT
Title Discrete structures
260 ## - PUBLICATION, DISTRIBUTION, ETC.
Name of publisher, distributor, etc. Narosa Pub House
Date of publication, distribution, etc. 2002
300 ## - PHYSICAL DESCRIPTION
Extent 943
546 ## - LANGUAGE NOTE
Language note ENGLISH
654 ## - SUBJECT ADDED ENTRY--FACETED TOPICAL TERMS
Focus term computability
942 ## - ADDED ENTRY ELEMENTS (KOHA)
Koha item type BOOK
Holdings
Withdrawn status Lost status Damaged status Not for loan Collection Home library Current library Date acquired Total Checkouts Full call number Barcode Date last seen Price effective from Koha item type
        CRC Fr. Agnel's C.Rodrigues College of Engineering Fr. Agnel's C.Rodrigues College of Engineering 17/03/2023   510 HEI 14076 17/03/2023 17/03/2023 BOOK